| 000 | 00366nam a2200145Ia 4500 | ||
|---|---|---|---|
| 008 | 230917s9999||||xx |||||||||||||| ||und|| | ||
| 040 |
_e62947 _aMAIN |
||
| 041 | _aEnglish | ||
| 082 | _a320.05 R576P | ||
| 100 | _aRobson, William A, ed. | ||
| 245 | 0 | _aPolitical quarterly in the thirties | |
| 260 |
_aLondon _bPenguin Books _c1971 |
||
| 300 | _a249 p. | ||
| 942 | _cBK | ||
| 999 |
_c90287 _d90287 |
||